000 03501cam a22006014i 4500
003 PE-LiUPU
005 20250731170446.0
008 150706s2004 ag a rb 000 0 spa d
020 _a9870004210
020 _a9789870004219
035 _a(Sirsi) i9789870004219
040 _aPE-LiUPU
_bspa
_cPE-LiUPU
_dPE-LiUPU
_erda
049 _aPRUA
082 0 4 _a150.195
_bM
_221
245 0 0 _aMasculino-femenino :
_b(cuestiones psicoanalíticas contemporáneas) /
_cCompilador, Alcira Mariam Alizade.
264 1 _aBuenos Aires :
_bLumen,
_c2004.
300 _a191 páginas :
_bilustraciones ;
_c22 centímetros
336 _atext
_2rdacontent
337 _aunmediated
_2rdamedia
338 _avolume
_2rdacarrier
504 _aIncluye bibliografía al final de cada capitulo.
505 0 _aEl contexto social en lo masculino y lo femenino -- Contexto histórico cultural de lo masculino y de lo femenino -- Analista: ¿quién eres? (sexo y género en el trabajo y en la escucha analítica) -- La identidad de género y su influencia en el proceso psicoanalítico: una experiencia de investigación en la SPPA -- Modelos culturales en el conflicto intrapsíquico -- Género y proceso analítico -- Escucha del efecto del género en el paciente psicoanalítico -- Las masculinidades: ¿Construcción social o acontecimiento natural? -- La relación tardía madre-hija en la actualidad -- La ley de la naturaleza -- Masculino-femenino en el contexto histórico-cultural -- Parejas típicas y atípicas, familias típicas y atípicas -- Generación y género. Desarrollos y conflictos -- Otra historia de mujer. la mariposa que no conocía su color -- (Conjeturas acerca de la constitución de la sexualidad e identidad femenina en una organización de personalidad bordelinde -- La diferencia de género en el trabajo y en la escucha analítica -- Acerca de las transmisiones -- Priapismo versus facilismo (aproximaciones y diferencias) -- Creencias religiosas atípicas. (configuraciones en bandas en un proceso analítico) -- ¿La cuestión del género del analista establece acaso diferencia en la escucha y en el trabajo psicoanalítico? -- Las organizaciones familiares en el contexto sociocultural actual" -- De esclavo a heredero: caminos de identificación y transmisión entre generaciones -- Disturbios de la sexualidad -- Tabú: el foso del castillo, ¿necesario para la vida en la cultura?.
526 _aSEG68
526 _aSEG70
526 _aSEG69
526 _aSEG67
526 _aSEG43
526 _aP144
526 _aP143
526 _aP131
526 _aP122
526 _aP120
526 _aP117
526 _aP112
526 _aP110
526 _aP106
526 _aP101
526 _aP80
526 _aP59
526 _aP54
526 _aP35
526 _aP33
526 _aP30
541 _g001-0030486;
650 0 4 _aPsicoanálisis.
_95668
700 1 _aAlizade, Alcira Mariam,
_ecompilador.
910 _agl
_bjv
_clch
_d20090930
942 _2ddc
_cBOOK
949 _a150.195 M
_wDEWEY
_c1
_i60393
_lCCODEBUL1
_mBUL
_p16.00
_r0
_sY
_tBOOK
_u2015-7-6
_xSALUD
_PP33
_0COMPRA
_o.STAFF. Colección Ciencias de la Salud
994 _aC0
_bPEPRU
596 _a1
999 _a150.195 M
_wDEWEY
_c49847
_i60393
_d49847
_e2018-5-29
_f2021-11-3
_g5
_lCCODEBUL1
_mBUL
_n4
_p16.00
_r0
_sY
_tBOOK
_u2015-7-6
_xSALUD
_zP33
_0COMPRA
_o.STAFF. Colección Ciencias de la Salud
980 _81
_gALBERTO SANCHEZ Responsable de Automatización